Cinq siècles de mathématiques en France /
Guardado en:
| Autor Principal: | |
|---|---|
| Formato: | Libro |
| Idioma: | French |
| Publicado: |
Paris :
Association pour la diffusion de la pensée française,
c2005.
|
| Acceso en línea: | Versión PDF |
| Etiquetas: |
Agregar Etiqueta
Sin Etiquetas, Sea el primero en etiquetar este registro!
|
| LEADER | 01184nam a22002055a 4500 | ||
|---|---|---|---|
| 001 | MAT.inmabb003774 | ||
| 008 | 060215s2005####fr#a#####b###f001#0#fre#d | ||
| 005 | 20130218103513.0 | ||
| 245 | 1 | 0 | |a Cinq siècles de mathématiques en France / |c Marcel Berger. |
| 260 | |a Paris : |b Association pour la diffusion de la pensée française, |c c2005. | ||
| 300 | |a 287 p., [8] p. de láms. : |b il. (algunas col.) ; |c 25 cm. | ||
| 500 | |a "Cet ouvrage a bénéficié du concours de Claude Reyraud, rédacteur en chef-adjoint des Défis du CEA"--Dorso portada. | ||
| 504 | |a Bibliografía: p. 273-285. | ||
| 505 | 0 | |a 1. À quoi servent les mathématiques ? -- 2. Les mathématiques françaises de Viète à Bourbaki -- 3. Les mathématiques françaises contemporaines -- 4. Les mathématiques françaises contemporaines : carrières et lieux. | |
| 530 | |a Versión electrónica disponible en la Web (PDF, 2.3 MB); no incluye todas las ilustraciones. | ||
| 020 | |a 2914935382 | ||
| 100 | 1 | |a Berger, Marcel, |d 1927- | |
| 084 | |a 01A05 (00A05 00B10 01-00 01A61 00A65 01A72) |2 msc2000 | ||
| 856 | 4 | |u http://www.adpf.asso.fr/adpf-publi/publication/page.php?id=46 |y Versión PDF | |
| 859 | |h 01 |i B496 |p A-8268 |b BIB. MATEMATICA | ||
